| 000 | 00593nam a2200229Ia 4500 | ||
|---|---|---|---|
| 003 | OSt | ||
| 005 | 20220924144739.0 | ||
| 006 | a|||||r|||| 00| 0 | ||
| 007 | ta | ||
| 008 | 220923b |||||||| |||| 00| 0 urd d | ||
| 024 | _a320381 | ||
| 037 | _cTextual | ||
| 040 |
_aARTS _cARTS _burd |
||
| 041 |
_2urd _aurd |
||
| 082 | _aP28,9, 168G6 | ||
| 100 | _aNizami Khwaja Hasan Au. | ||
| 245 | 0 | _aArbi urdu ka achcha qaida | |
| 260 | _c1936 | ||
| 650 |
_aARABIC LANGUAGE _931794 |
||
| 942 |
_hP28,9, 168G6 _cTEXL _2CC |
||
| 999 |
_c458136 _d458136 |
||